00613 a2200181 4500003000400000005001700004008004100021040000900062082002000071100003300091245005200124250001200176260003800188300000900226942004600235952013300281999001700414OSt20240208122250.0240208b |||||||| |||| 00| 0 eng d coclc a894.8124bMAT/P aMattapilly,Kaladharan910428 aPlastic oru malinyamo? /cKaladharan Mattapilly a1st ed. aAaluva:bMattapally Books,c2023. a96p. 2ddccBKh894.8124iMAT/Pk894.8124mMAT/P 00102ddc40708ESSAYaMESbMEScMALd2024-02-08l0o894.8124 MAT/Pp45246r2024-02-08 12:23:28v160.00w2024-02-08yBKzGR31R3 c44397d44397